Denmark - Groups of six - Statistics

General Stats
  • This quiz has been taken 113 times
  • The average score is 16 of 36
Answer Stats
Biggest cities % Correct
Copenhagen
98%
Germany
92%
Sweden
92%
Norway
91%
Poland
88%
Aarhus
81%
The Netherlands
81%
Belgium
75%
Aalborg
71%
Odense
68%
Sjælland
68%
Fyn
61%
Øresundsbron
59%
Esbjerg
54%
Lars Løkke Rasmussen
48%
Lolland
44%
Falster
43%
Bornholm
42%
Storebæltsbroen
40%
Helle Thorning
39%
Randers
38%
Harald Blåtand
36%
Anders Fogh Rasmussen
33%
Gorm den Gamle
27%
Nørrejyske Ø
23%
Poul Nyrup
19%
Poul Schlüter
19%
Anker Jørgensen
18%
Svend Tveskæg
18%
Farøbroen
15%
Vejlefjordbroen
13%
Knud den Store
9%
Storstrømsbroen
9%
Sallingsundbroen
8%
Harald 2.
6%
Hardeknud
6%
No matching quizzes found
Score Distribution
Percent of People with Each Score
Percentile by Number Answered
Your Score History
You have not taken this quiz